Wege der Entwicklung des Privatrechts in Europa. Römischrechtliche Grundlagen der Privatrechtsentwicklung in den deutschsprachigen Ländern und ihre Ausstrahlung auf Mittel- und Osteuropa.
Saved in:
| Hovedforfatter: | |
|---|---|
| Format: | Bog |
| Sprog: | tysk |
| Udgivet: |
Passau, Hungary:
Schenk,
2007.
|
| Serier: | Studia Hungarica.
|
| Fag: | |
| Tags: |
Tilføj Tag
Ingen Tags, Vær først til at tagge denne postø!
|
MARC
| LEADER | 00000cam a2200000 a 4500 | ||
|---|---|---|---|
| 001 | UCF1637 | ||
| 003 | CL-VaPUC | ||
| 005 | 20220822114404.0 | ||
| 008 | 120711e20070000HU |||||||||||||||||ger|d | ||
| 999 | |c 348325 |d 348323 | ||
| 020 | |a 978-3-939337-14-0 | ||
| 040 | |c Pontificia Universidad Católica de Valparaíso | ||
| 082 | 0 | 4 | |a 346.4 HAM 2007 |2 21 |
| 100 | |a Hamza, Gábor |e author |9 594535 | ||
| 245 | 1 | 0 | |a Wege der Entwicklung des Privatrechts in Europa. |b Römischrechtliche Grundlagen der Privatrechtsentwicklung in den deutschsprachigen Ländern und ihre Ausstrahlung auf Mittel- und Osteuropa. |
| 260 | |a Passau, Hungary: |b Schenk, |c 2007. | ||
| 300 | |a 264 páginas. | ||
| 490 | 0 | |a Studia Hungarica. | |
| 500 | |a c.2 Donación Familia Prof. Alejandro Guzmán Brito. | ||
| 583 | |a last modification |c 20120711 16:46:00 |k Rodrigo Vera | ||
| 650 | 0 | |a Derecho privado europeo |2 CL-VaPUC |9 485958 | |
| 650 | 0 | |a Derecho civil |9 255013 | |
| 650 | 0 | |a Derecho comparado |9 255664 | |
| 650 | 0 | |a Tratados internacionales |9 256056 | |
| 650 | 0 | |a Contratos |9 255153 | |
| 942 | |c BK |2 ddc |n 0 | ||
| 945 | |d 20120711 00:00:00 |a dcastane | ||
| 952 | |0 0 |1 0 |4 0 |6 346_400000000000000_HAM_2007 |7 0 |8 DER_ROM |9 450301 |a BIBDER |b BIBDER |d 2019-11-22 |i 4881494 |o 346.4 HAM 2007 |p 4881494 |r 2023-01-25 |w 2019-11-22 |x Ubicación 4to piso |y BK |z Este recurso debe solicitarse con anticipación |k DER | ||
| 952 | |0 0 |1 0 |2 ddc |4 0 |6 346_400000000000000_HAM_2007 |7 1 |8 C_AGB |9 580347 |a BIBDER |b BIBDER |d 2022-01-10 |e Donación |i 5636787 |o 346.4 HAM 2007 |p 5636787 |r 2023-01-25 |t 2 |w 2022-01-10 |y BK_US |k AGB | ||